LIBRARY & INFORMATION CENTRE, KCAET, TAVANUR

ONLINE PUBLIC ACCESS CATALOGUE (OPAC)

Motivation to work / (Record no. 25)

MARC details
000 -LEADER
fixed length control field 00510cam a2200205ua 4500
041 ## - LANGUAGE CODE
Language code of text/sound track or separate title eng
082 ## - DEWEY DECIMAL CLASSIFICATION NUMBER
Classification number 658.314
Item number HER/MO
100 ## - MAIN ENTRY--AUTHOR NAME
Personal name Herzberg, Frederick .
245 ## - TITLE STATEMENT
Title Motivation to work /
250 ## - EDITION STATEMENT
Edition statement 1 /
260 ## - PUBLICATION, DISTRIBUTION, ETC. (IMPRINT)
Place of publication London :
Name of publisher John Wiley & Sons ,
Year of publication 1959.
300 ## - PHYSICAL DESCRIPTION
Number of Pages 157 ; .
650 ## - SUBJECT ADDED ENTRY--TOPICAL TERM
Topical Term Human Resource Mangement
700 1# - ADDED ENTRY--PERSONAL NAME
Personal name Mausuer, Bernard .
942 ## - ADDED ENTRY ELEMENTS (KOHA)
Koha item type Books
003 - CONTROL NUMBER IDENTIFIER
control field @
003 - CONTROL NUMBER IDENTIFIER
control field OSt
Holdings
Withdrawn status Lost status Damaged status Home library Current library Date acquired Full call number Accession Number Koha item type
      KAUAET KAUAET 07/04/2012 658.314 HER/MO 612 Books
free website counter